000 00840nam a2200241Ii 4500
003 JO-AjNU
008 230605s9999||||xx |||||||||||||| ||und||
017 _a1999/15496
020 _a977-01-6514
040 _aJO-AjNU
_bara
_erda
_cJO-AjNU
041 _aara
050 1 4 _aPJ7858.A33 1998
100 3 _aالقعيد، يوسف,
_eauthor
_923622
245 0 0 _aمن يذكر مصر الاخرى خد الحميل: الفلاحون يصعدون للسماء أطلال النهار، ج8
250 _aط3
264 3 1 _aالقاهرة: هيئة الكتاب، 1998
300 _a650ص
336 _atext
_btxt
_2rdacontent
337 _aunmediated
_bn
_2rdamedia
338 _avolume
_bnc
_2rdacarrier
490 0 _aمهرجان القراءة للجميع 2003 / قصص ورويات عربية
650 4 _aقصص عربية
_923623
999 _aA8572
_c12140
_d12140